ՀՀ Գիտությունների ազգային ակադեմիայի հիմնարար գիտական գրադարան  =   Fundamental Scientific Library of NAS RA

Процессы резания, металлорежущий, абразивный и алмазный инструмент : (Record no. 514399)

MARC details
000 -LEADER
fixed length control field 01740nam a2200301 a 4500
003 - CONTROL NUMBER IDENTIFIER
control field AM-YEHGA
001 - CONTROL NUMBER
control field 1697331
005 - DATE AND TIME OF LATEST TRANSACTION
control field 20250617163857.0
008 - FIXED-LENGTH DATA ELEMENTS--GENERAL INFORMATION
fixed length control field 200226s1961 ru ad|||rf||||000|0|rus||
040 ## - CATALOGING SOURCE
Original cataloging agency AM-YeHGA
041 0# - LANGUAGE CODE
Language code of text/sound track or separate title rus
090 ## - LOCALLY ASSIGNED LC-TYPE CALL NUMBER (OCLC); LOCAL CALL NUMBER (RLIN)
-- 517921
245 00 - TITLE STATEMENT
Title Процессы резания, металлорежущий, абразивный и алмазный инструмент :
Remainder of title [Сборник рефератов] /
Statement of responsibility, etc. Под ред. Г.В. Ивлева и И.Г. Маякова ; Гос. ком. Совета Министров СССР по автоматизации и машиностроению ; ЦБТИ.
260 ## - PUBLICATION, DISTRIBUTION, ETC.
Place of publication, distribution, etc. Москва :
Name of publisher, distributor, etc. Б. и.,
Date of publication, distribution, etc. 1961.
300 ## - PHYSICAL DESCRIPTION
Extent 182 с. :
Other physical details ил., черт. ;
Dimensions 22 см.
490 1# - SERIES STATEMENT
Series statement [VII серия "Прогрессивная и типовая технология"] / Упр. по автоматизации и средствам производства для машиностроения)
650 14 - SUBJECT ADDED ENTRY--TOPICAL TERM
Topical term or geographic name entry element Техника
650 14 - SUBJECT ADDED ENTRY--TOPICAL TERM
Topical term or geographic name entry element Обработка резанием
650 14 - SUBJECT ADDED ENTRY--TOPICAL TERM
Topical term or geographic name entry element Режущие инструменты
Form subdivision Сборники
653 0# - INDEX TERM--UNCONTROLLED
Uncontrolled term Режущие инструменты, алмазные - Сборники
653 0# - INDEX TERM--UNCONTROLLED
Uncontrolled term Резание металлов - Сборники
653 0# - INDEX TERM--UNCONTROLLED
Uncontrolled term Абразивные инструменты - Сборники
700 1# - ADDED ENTRY--PERSONAL NAME
Personal name Ивлев, Г.В.
Relator term ред.
Relationship edt
700 1# - ADDED ENTRY--PERSONAL NAME
Personal name Маяков, И.Г.
Relator term ред.
Relationship edt
710 2# - ADDED ENTRY--CORPORATE NAME
Corporate name or jurisdiction name as entry element Государственный комитет Совета Министров СССР по автоматизации и машиностроению
710 2# - ADDED ENTRY--CORPORATE NAME
Corporate name or jurisdiction name as entry element Центральное бюро технической информации
942 ## - ADDED ENTRY ELEMENTS (KOHA)
Source of classification or shelving scheme Universal Decimal Classification
Koha item type Գրքեր / Books
Holdings
Withdrawn status Lost status Source of classification or shelving scheme Damaged status Not for loan Collection Home library Current library Date acquired Total checkouts Full call number Barcode Date last seen Price effective from Koha item type Public note
    Universal Decimal Classification     General Fundamental Scientific Library Fundamental Scientific Library 05/08/2021   РII/58230 FL0655686 05/08/2021 05/08/2021 Գրքեր / Books 30 Days Loan


ՀՀ ԳԱԱ հիմնարար գիտական գրադարան
ՀՀ,Երևան 0019
Մարշալ Բաղրամյան 24/6
հեռախոս:(374-10) 52-47-50
Հետադարձ կապ

All site content, except where otherwise noted, is licensed under a
Creative Commons License